F1 Quiz - Statistics

General Stats
  • This quiz has been taken 775 times
  • The average score is 18 of 24
Answer Stats
Answer % Correct
Lewis Hamilton
99%
Michael Schumacher
97%
Max Verstappen
91%
Valtteri Bottas
89%
Sebastian Vettel
88%
Daniel Ricciardo
85%
Fernando Alonso
84%
Charles Leclerc
81%
Kimi Raikkonen
81%
Esteban Ocon
76%
Niki Lauda
76%
Sergio Perez
76%
Alain Prost
75%
Carlos Sainz
75%
Pierre Gasly
75%
Kevin Magnussen
74%
Lance Stroll
74%
Nico Hulkenberg
74%
Nino Farina
73%
Romain Grosjean
70%
Stoffel Vandoorne
52%
Marcus Ericsson
50%
Brendon Hartley
45%
Sergey Sirotkin
43%
No matching quizzes found
Score Distribution
Percent of People with Each Score
Percentile by Number Answered
Your Score History
You have not taken this quiz